00699cam a22002173a 450000100060000000300060000600500170001200800410002904000150007004200070008505000070009210000360009924501430013526000290027850600300030751600200033765300220035765300310037983000290041085600420043920320PGUSA20140828083429.0070109s2007||||xxu|||||s|||||000 1 eng d aPGUSAbeng adc 4aPZ1 aHemyng, Bracebridge,d1841-190110aJack Harkaway's Boy Tinker Among The Turks :bBook Number Fifteen in the Jack Harkaway Seriesh[electronic resource] /cBracebridge Hemyng bProject Gutenberg,c2007 aPublic domain in the USA. aElectronic text aAdventure stories aTurkey -- Juvenile fiction 0aProject Gutenbergv2032040uhttp://www.gutenberg.org/ebooks/20320